[Event "IND-ch U15"]
[Site "Mumbai"]
[Date "2009.11.09"]
[Round "11"]
[White "Karthik, HS."]
[Black "Anurag, Mhamal"]
[Result "0-1"]
[WhiteElo "1859"]
[BlackElo "2222"]
[PlyCount "100"]
[EventDate "2009.11.01"]
[EventType "swiss"]
[EventRounds "11"]
[EventCountry "IND"]
[SourceTitle "EXT 2011"]
[Source "ChessBase"]
[SourceDate "2010.11.26"]
[SourceVersion "1"]
[SourceVersionDate "2010.11.26"]
[SourceQuality "1"]

1. e4 e5 2. Nf3 Nc6 3. Bc4 Bc5 4. 0-0 Nf6 5. d4 Bxd4 6. Nxd4 Nxd4 7. f4 d6 8. fxe5 dxe5 9. Bg5 Be6 10. Bd3 Qe7 11. c3 Nc6 12. b4 0-0-0 13. Qe2 Rd6 14. h3 Qd7 15. Bc2 Ne7 16. Be3 b6 17. Na3 Kb8 18. c4 Ng6 19. c5 Rd4 20. Bxd4 Qxd4+ 21. Kh2 Qxb4 22. Rf3 Qxc5 23. Rb1 Nf4 24. Qa6 Bc8 25. Qa4 h5 26. Rb5 Qc6 27. Nc4 Bd7 28. Rb4 Qc5 29. Qa3 Ne2 30. Rf1 Ng4+ 31. Kh1 Nf2+ 32. Kh2 Ng4+ 33. Kh1 a5 34. Qd3 Nf2+ 35. Rxf2 Qxf2 36. Rxb6+ cxb6 37. Qd6+ Ka7 38. Qxd7+ Ka6 39. Qd1 Rd8 40. Qb1 Nf4 41. Qg1 Qxg1+ 42. Kxg1 Rc8 43. Bb3 a4 44. Nd6 Rc1+ 45. Kh2 axb3 46. axb3 h4 47. Nxf7 Ne2 48. g3 hxg3+ 49. Kg2 Rg1+ 50. Kf3 Rf1+ 0-1